| 000 -LEADER |
| fixed length control field |
01272cam a22002895i 4500 |
| 003 - CONTROL NUMBER IDENTIFIER |
| control field |
OSt |
| 005 - DATE AND TIME OF LATEST TRANSACTION |
| control field |
20240713094554.0 |
| 008 - FIXED-LENGTH DATA ELEMENTS--GENERAL INFORMATION |
| fixed length control field |
230515s2023 sz ab b 000 0 eng d |
| 020 ## - INTERNATIONAL STANDARD BOOK NUMBER |
| International Standard Book Number |
9783035622973 |
| Qualifying information |
paperback |
| 042 ## - AUTHENTICATION CODE |
| Authentication code |
lccopycat |
| 084 ## - OTHER CLASSIFICATION NUMBER |
| Classification number |
720 |
| Source of number |
sdnb |
| 084 ## - OTHER CLASSIFICATION NUMBER |
| Classification number |
361.78 |
| Source of number |
njb/10 |
| 245 00 - TITLE STATEMENT |
| Title |
Extended urbanisation : |
| Remainder of title |
tracing planetary struggles / |
| Statement of responsibility, etc |
edited by Christian Schmid and Milica Topalovicʹ ; with contributions by Nitin Bathía [and 8 others]. |
| 300 ## - PHYSICAL DESCRIPTION |
| Extent |
405 pages : |
| Other physical details |
illustrations (chiefly colour), maps ; |
| Dimensions |
24 cm |
| 500 ## - GENERAL NOTE |
| General note |
"This research was conducted at the Department of Architecture ETH Zurich and by the Future Cities Laboratory ETH Centre" -- Copyright page. |
| 504 ## - BIBLIOGRAPHY, ETC. NOTE |
| Bibliography, etc |
Includes bibliographical references. |
| 650 #0 - SUBJECT ADDED ENTRY--TOPICAL TERM |
| Topical term or geographic name as entry element |
Urbanization |
| General subdivision |
Environmental aspects. |
| 650 #0 - SUBJECT ADDED ENTRY--TOPICAL TERM |
| Topical term or geographic name as entry element |
Cities and towns |
| General subdivision |
Growth |
| -- |
Environmental aspects. |
| 650 #6 - SUBJECT ADDED ENTRY--TOPICAL TERM |
| Topical term or geographic name as entry element |
Urbanisation |
| General subdivision |
Aspect de l'environnement. |
| 650 #6 - SUBJECT ADDED ENTRY--TOPICAL TERM |
| Topical term or geographic name as entry element |
Villes |
| General subdivision |
Croissance |
| -- |
Aspect de l'environnement. |
| 650 #7 - SUBJECT ADDED ENTRY--TOPICAL TERM |
| Topical term or geographic name as entry element |
Cities and towns |
| General subdivision |
Growth |
| -- |
Environmental aspects |
| Source of heading or term |
fast |
| 650 #7 - SUBJECT ADDED ENTRY--TOPICAL TERM |
| Topical term or geographic name as entry element |
Urbanization |
| General subdivision |
Environmental aspects |
| Source of heading or term |
fast |
| 700 1# - ADDED ENTRY--PERSONAL NAME |
| Personal name |
Schmid, Christian, |
| Relator term |
editor. |
| 700 1# - ADDED ENTRY--PERSONAL NAME |
| Personal name |
Topalović, Milica |
| Titles and other words associated with a name |
(Architect), |
| Relator term |
editor. |
| 700 1# - ADDED ENTRY--PERSONAL NAME |
| Personal name |
Bathía, Nitin, |
| Relator term |
contributor. |
| 942 ## - ADDED ENTRY ELEMENTS (KOHA) |
| Source of classification or shelving scheme |
|